Statistics for Africa; Largest Non-Capitals by Country

Click here to take the quiz!

General Stats

  • This quiz has been taken 21 times
  • The average score is 20 of 54

Answer Stats

Country Possible Answers % Correct
EgyptAlexandria/Giza/Shubra el Kheima/Port Said/Suez
100%
TanzaniaDar es Salaam/Arusha/Mwanza/Zanzibar/Mbeya
100%
South AfricaJohannesburg/Durban/Port Elizabeth/Soshanguve/Evaton
100%
NigeriaLagos/Kano/Ibadan/Benin City/Kaduna
100%
MoroccoCasablanca/Fes/Fez/Tangier/Marrakesh/Sale/Tangiers
100%
LibyaBenghazi/Misratah/Zawiya/Sebha/Al-Bayda
94%
KenyaMombasa/Nakuru/Kisumu/Eldoret/Ruiru
94%
AlgeriaOran / Constantine / Annaba / Blida / Batna
89%
BurundiBujumbura / Ngozi / Rumonge / Cibitoke / Kayanza
78%
D.R. CongoLubumbashi/Mbuji-Mayi/Kananga/Kisangani/Bukavu
72%
TunisiaSfax/Sousse/Kairouan/Ettadhamen/Bizerte
72%
Ivory CoastAbidjan/Bouake/Daloa/Korhogo/San Pedro
72%
CameroonDouala / Bamenda / Bafoussam / Garoua / Maroua
61%
SudanEl Obeid/Omdurman/Nyala/Khartoum North/Port Sudan
56%
MalawiBlantyre/Mzuzu/Zomba/Karonga/Kasungu
44%
GhanaKumasi/Tamale/Takoradi/Sekondi/Ashaiman
44%
SomaliaHargeisa/Berbera/Kismayo/Merca/Jamaame
44%
BeninCotonou / Parakou / Godomey / Abomey / Djougou
44%
EthiopiaAdama/Gondar/Mekele/Hawassa/Dire Dawa
39%
NigerArlit/Marahi/Tahoua/Zinder/Agadez
33%
Rep. of CongoPointe-Noire/Loubomo/Nkayi/Impfondo/Ouessa
33%
ZimbabweBulawayo/Chitungwiza/Gweru/Mutare/Epworth
33%
Guinea-BissauGabu/Bafata/Chanchungo/Bula/Bissora
33%
MozambiqueMatola/Nampula/Chimoio/Beira/Tete
33%
BotswanaFrancistown / Molepolole / Maun / Mogoditshane / Serowe
33%
Equatorial GuineaBata/Ebebiyin/Luba/Aconibe/Evinayong
28%
AngolaN'dalatando / Huambo / Lobito / Benguela / Kuito
28%
ZambiaMufulira/Ndola/Kitwe/Kabwe/Chingola
28%
MaliSikasso/Koutiala/Kayes/Mopti/Segou
28%
NamibiaRundu/Walvis Bay/Swakopmund/Oshakati/Rehoboth
28%
Sierra LeoneKenema/Bo/Koidu/Makeni/Port Loko
28%
TogoKara/Sokode/Kpalime/Atakpame/Dapaong
22%
EritreaKeren/Assab/Afabet/Massawa/Agordat
22%
SenegalTouba/Thies/Kaolack/Mbour/Rufisque
17%
Central African RepublicBimbo / Berberati / Carnot / Bombari/ Bouar
17%
Cape VerdeMindelo / Espargos / Assomada / Porto Novo / Pedra Badejo
17%
MadagascarFianarantsoa/Mahajanga/Antsirabe/Toliara/Toamasina
17%
ChadMoundou/Abeche/Sarh/Kelo/Am Timan
17%
GabonPort Gentil/Franceville/Owendo/Oyem/Masuku/Moanda
17%
MauritaniaNouadhibou/Kiffa/Mbera/Kaedi/Zouerate
11%
Burkina FasoBobo Dioulasso / Koudougou / Banfora / Ouahigouya / Pouytenga
11%
LiberiaGbarnga/Buchanan/Ganta/Zwedru/Kakata
11%
SeychellesAnse Boileau/Bel Ombre/Cascade/Anse Royale/Beau Vallon
11%
UgandaNansana/Kira/Makindye Ssabagabo/Kyengera/Mbarara
11%
GuineaNzerekore/Kankan/Maneah/Dubreka/Kindia
11%
South SudanWau/Malakal/Yambio/Yei/Renk
11%
DjiboutiAli Sabeih/Dikhil/Arta/Obock/Tadjourah
11%
ComorosMutsamudu/Fomboni/Domoni/Ouani/Mirontsi
6%
MauritiusVacoas-Phoenix/Beau Bassin-Rose Hill/Quatre Bornes/Curepipe/Triolet
6%
EswatiniManzini/Big Bend/Mhlume/Malkerns/Nhlangano
6%
São Tomé and
Príncipe
Trinidade/Santana/Guadaloupe/Neves/Sao Joao dos Angolares
6%
RwandaGisenyi/Ruhengeri/Butare/Gitarama/Byumba
6%
GambiaBrikama/Bundunka Kunda/Sukuta/Talinding/Faji Kunda
6%
LesothoMaputsoe/Mohale's Hoek/Mafateng/Hlotse/Butha-Buthe
0%

Score Distribution

Percentile by Number Answered

Percent of People with Each Score

Your Score History

You have not taken this quiz